A Textbook of Quantitative Analisys
| Main Authors: | , |
|---|---|
| Format: | Section = Libro |
| Language: | Undetermined Spanish |
| Published: |
United States
Henry Holt and Company
1952
|
| Subjects: |
| LEADER | 00587nam a2200205Ia 4500 | ||
|---|---|---|---|
| 008 | 240830s9999 xx 000 0 und d | ||
| 040 | |a CEDOC FIQ-RUSB / 543 P316 | ||
| 041 | |a spa | ||
| 082 | |a 543 P316 | ||
| 100 | 1 | |a Patterson, Jr. Andrew | |
| 100 | 1 | |b Thomas, Henry C. | |
| 245 | 1 | 2 | |a A Textbook of Quantitative Analisys |
| 260 | |a United States |b Henry Holt and Company |c 1952 | ||
| 300 | |a 500 p. :il. | ||
| 650 | 7 | |a ANÁLISIS QUÍMICO | |
| 650 | 7 | |b OXIDACIÓN- TITRACIONES DE REDUCCIÓN | |
| 650 | 7 | |c ACIDIMETRÍA Y ALCALIMETRÍA | |
| 942 | |c BK |2 ddc | ||
| 991 | |a TEXTO | ||
| 999 | |c 13042 | ||